000 01698njm a2200361Ia 4500
001 37638
003 IT-RoPAU
005 20220918181116.0
008 131025s9999 xx 000 0 und d
040 _aIT-RoPAU
040 _cIT-RoPAU
041 _aITALIANO
999 _c99391
_d99391
999 _bn.d.
100 _aAA.VV.
_9794
100 _eAutore testo
_919727
100 _gCodice autore testo SPICS: 12000
_914322
245 _aVita di Gesù (La)-24 diapositive con libretto
250 _a1a ed.
260 _aTORINO/LEUMANN
260 _bELLE DI CI
_c1983 [1a Ed.:1983 - Ed. Lingua Orig.: 1983]
300 _aDIAPOMONTAGGIO
300 _c (Testo: 48 pag.)
500 _aDiapomontaggio non sonorizzato. Sussidi didattico educativi. Educazione all'immagine. Vita di Gesù
505 _aGesù e il suo messaggio - Analisi linguistica delle miniature - Proposta per l'educazione linguistica - Proposta per l'educazione religiosa
650 _aDIDATTICO [DIAPOMONTAGGIO NON SONORIZZATO]
_eCodice MATERIA SPICS: 9972
_919728
700 _aMarigo Luciano
_dCodice autore SPICS: 17334
_eAutore
_pGesù e il suo messaggio
_919729
700 _aRossi Marco
_dCodice autore SPICS: 17335
_eAutore
_pAnalisi linguistica delle miniature
_919730
700 _aVanzetti Patrizia
_dCodice autore SPICS: 17329
_eAutore
_pProposta per l'educazione linguistica
_919731
700 _aVanzetti Bartolo
_dCodice autore SPICS: 17331
_eAutore
_pProposta per l'educazione religiosa
_919732
700 _aFerrero Bruno
_dCodice autore SPICS: 6696
_eAutore
_pProposta per l'educazione religiosa
_919733
700 _aBrambilla Gaetano
_dCodice autore SPICS: 17336
_eAutore
_pProposta per l'educazione religiosa
_919734
942 _cDI
_2ddc